|
|
|
|
| LEADER |
00000cam a2200000 7i4500 |
| 001 |
0000065778 |
| 005 |
20160822.0 |
| 008 |
160822 |
| 020 |
|
|
|a 9789670448954
|
| 090 |
0 |
0 |
|a MIZ
|b MAL
|
| 100 |
0 |
|
|a Miz Amaryllis
|
| 245 |
0 |
0 |
|a Dia punching bagku
|c Miz Amaryllis
|
| 264 |
|
0 |
|a Kuala Lumpur :
|b Penerbitan kaki novel sdn bhd
|c 2015
|
| 300 |
|
|
|a iii,602p. :
|b col.,ill ;
|c 20cm.
|
| 500 |
|
|
|a Novel
|
| 650 |
|
0 |
|a Malay fiction
|
| 999 |
|
|
|a 0001396266
|b Book
|c Adult Collection
|e Perbadanan Perpustakaan Awam Johor
|
| 999 |
|
|
|a 0001396267
|b Book
|c Adult Collection
|e Cawangan Urban Transformation Centre
|
| 999 |
|
|
|a 0001397451
|b Book
|c Adult Collection
|e Cawangan Mersing
|
| 999 |
|
|
|a 0001397452
|b Book
|c Adult Collection
|e Cawangan Segamat
|
| 999 |
|
|
|a 0001397453
|b Book
|c Adult Collection
|e Cawangan Batu Pahat
|
| 999 |
|
|
|a 0001397455
|b Book
|c Adult Collection
|e Cawangan Pontian
|
| 999 |
|
|
|a 0001397456
|b Book
|c Adult Collection
|e Cawangan Sri Merlong
|
| 999 |
|
|
|a 0001397457
|b Book
|c Adult Collection
|e Cawangan Bandar Penawar
|
| 999 |
|
|
|a 0001397458
|b Book
|c Adult Collection
|e Cawangan Taman Sri Lambak
|
| 999 |
|
|
|a 0001397459
|b Book
|c Adult Collection
|e Cawangan Bukit Gambir
|
| 999 |
|
|
|a 0001397460
|b Book
|c Adult Collection
|e Cawangan Tangkak
|
| 999 |
|
|
|a 0001397461
|b Book
|c Adult Collection
|e Cawangan Bandar Tenggara
|
| 999 |
|
|
|a 0001397462
|b Book
|c Adult Collection
|e Cawangan Tmn. Ungku Tun Aminah
|
| 999 |
|
|
|a 0001397464
|b Book
|c Adult Collection
|e Cawangan Muar
|